000 00475nam a22001577a 4500
003 NUST
082 _a200
100 _aDaud, Marium
_996687
245 _aAutomated Anonymization of Court Room Records /
_cMarium Daud
264 _aIslamabad :
_bSEECS, NUST,
_c2021.
300 _a55 p. ;
650 _aMS in Computer Science
_996683
700 _aSupervisor: Dr. Faisal Shafait
_996684
856 _uhttp://10.250.8.41:8080/xmlui/handle/123456789/29131
942 _2ddc
_cSC
999 _c590831
_d590831